|
|
|
|
| LEADER |
00000nam a22000007a 4500 |
| 005 |
20220630230529.0 |
| 007 |
cr|||| |||| |
| 008 |
220630s2021 es |||||s|||| 00||0 spa d |
| 020 |
|
|
|a 978-84-1377-866-2
|
| 035 |
|
|
|a 36157
|
| 040 |
|
|
|a vLex
|
| 090 |
|
|
|c 13510
|d 13510
|
| 100 |
1 |
|
|a Robles Ramos, Karin J.
|
| 245 |
1 |
0 |
|a Intangibilidad cualitativa de la legt̕ima
|h [Recurso electrn̤ico] :
|b Excepciones /
|c Karin J. Robles Ramos
|
| 256 |
|
|
|a Servicio en ln̕ea
|
| 260 |
|
|
|a Madrid:
|b Dykinson,
|c 2021
|
| 300 |
|
|
|a 1 recurso electrn̤ico
|
| 506 |
1 |
|
|a Disponible solo en los productos indicados
|d vLex Global
|d vLex Global (Academic Edition, excluding Law Schools)
|d vLex Global (U.S. Academic Edition, Law Schools)
|d vLex Global (U.S. Academic Edition, excluding Law Schools)
|d vLex Global (Academic Edition, Law Schools)
|
| 650 |
0 |
4 |
|a Derecho Civil
|z Espaą
|
| 740 |
0 |
|
|a vLex Libros (Servicio en ln̕ea)
|
| 856 |
4 |
0 |
|u https://app.vlex.com/#/sources/36157
|z Acceso restringido
|
| 942 |
|
|
|c BOOK
|
| 999 |
0 |
|
|a Civil Law
|